<?xml version="1.0" encoding="UTF-8"?><?xml-stylesheet type="text/xsl" href="static/style.xsl"?><OAI-PMH xmlns="http://www.openarchives.org/OAI/2.0/" xmlns:xsi="http://www.w3.org/2001/XMLSchema-instance" xsi:schemaLocation="http://www.openarchives.org/OAI/2.0/ http://www.openarchives.org/OAI/2.0/OAI-PMH.xsd"><responseDate>2026-04-13T02:11:45Z</responseDate><request verb="GetRecord" identifier="oai:www.recercat.cat:10256/28556" metadataPrefix="marc">https://recercat.cat/oai/request</request><GetRecord><record><header><identifier>oai:recercat.cat:10256/28556</identifier><datestamp>2026-03-27T00:12:40Z</datestamp><setSpec>com_2072_452966</setSpec><setSpec>com_2072_2054</setSpec><setSpec>col_2072_452968</setSpec></header><metadata><record xmlns="http://www.loc.gov/MARC21/slim" xmlns:dcterms="http://purl.org/dc/terms/" xmlns:xsi="http://www.w3.org/2001/XMLSchema-instance" xmlns:doc="http://www.lyncode.com/xoai" xsi:schemaLocation="http://www.loc.gov/MARC21/slim http://www.loc.gov/standards/marcxml/schema/MARC21slim.xsd">
   <leader>00925njm 22002777a 4500</leader>
   <datafield ind2=" " ind1=" " tag="042">
      <subfield code="a">dc</subfield>
   </datafield>
   <datafield ind2=" " ind1=" " tag="720">
      <subfield code="a">Gómez Bizarro, Anna</subfield>
      <subfield code="e">author</subfield>
   </datafield>
   <datafield ind2=" " ind1=" " tag="260">
      <subfield code="c">2025-07</subfield>
   </datafield>
   <datafield ind2=" " ind1=" " tag="520">
      <subfield code="a">Given the growing interest in multi-domain biotechnological drugs due to their potential to  &#xd;
&#xd;
improve the pharmacokinetic and pharmacodynamic properties of conventional protein drugs,  &#xd;
&#xd;
this literature review aims to provide a detailed or comprehensive description of the most  &#xd;
&#xd;
recent advances in the development of these drugs. &#xd;
&#xd;
First, it describes what fusion proteins, multi-domain drugs, pharmacokinetics and  &#xd;
&#xd;
pharmacodynamics are, mentioning the properties that these drugs can improve. Next, it  &#xd;
&#xd;
describes the functional domains that can form part of these molecules, such as domains that  &#xd;
&#xd;
allow them to cross physiological barriers, protein transduction domains, and receptor-binding  &#xd;
&#xd;
domains, among others, explaining the function of each and the mechanisms by which they  &#xd;
&#xd;
exert their therapeutic action. &#xd;
&#xd;
This paper also reviews the most relevant studies in this field, as well as the current and  &#xd;
&#xd;
potential therapeutic applications of these drugs in pathologies such as cancer and  &#xd;
&#xd;
neurodegenerative disorders such as Alzheimer. Finally, the main limitations facing these types  &#xd;
&#xd;
of therapies are analysed, including structural stability, immunogenicity and complexity in their  &#xd;
&#xd;
production. &#xd;
&#xd;
This analysis allows us to assess the emerging role of multi-domain drugs in biomedical  &#xd;
&#xd;
innovation and their future prospects in the design of more effective and personalised  &#xd;
&#xd;
therapies</subfield>
   </datafield>
   <datafield ind2=" " ind1=" " tag="520">
      <subfield code="a">3</subfield>
   </datafield>
   <datafield ind1="8" ind2=" " tag="024">
      <subfield code="a">https://hdl.handle.net/10256/28556</subfield>
   </datafield>
   <datafield tag="653" ind2=" " ind1=" ">
      <subfield code="a">Biotecnologia farmacèutica</subfield>
   </datafield>
   <datafield tag="653" ind2=" " ind1=" ">
      <subfield code="a">Medicaments biològics</subfield>
   </datafield>
   <datafield tag="653" ind2=" " ind1=" ">
      <subfield code="a">Biopharmaceutical</subfield>
   </datafield>
   <datafield tag="653" ind2=" " ind1=" ">
      <subfield code="a">Pharmaceutical biotechnology</subfield>
   </datafield>
   <datafield ind2="0" ind1="0" tag="245">
      <subfield code="a">Darrers avenços en el desenvolupament de fàrmacs biotecnològics multi-domini</subfield>
   </datafield>
</record></metadata></record></GetRecord></OAI-PMH>